Noddy Franchise - Statistics

General Stats
  • This quiz has been taken 31 times
  • The average score is 5 of 35
Answer Stats
Type Year Name Info % Correct
TV Show 1998-2000 Noddy TVOKids
100%
TV Show 1975-1976 Noddy ITV
95%
TV Show 2002-2007 Make Way for Noddy Channel 5 / PBS Kids
55%
TV Show 2009-2014 Noddy in Toyland BBC One / BBC Two
25%
TV Show 2016-2017 Noddy, Toyland Detective France 5 / Channel 5 / Universal Kids
25%
TV Show 1992-2000 Noddy's Toyland Adventures BBC One / BBC Two / CBBC
20%
TV Show 1955-1956 Adventures of Noddy ITV
10%
Children's Book 1961 Mr. Plod and Little Noddy Enid Blyton
10%
Children's Book 1956 Be Brave, Little Noddy! Enid Blyton
5%
Children's Book 1960 Cheer Up, Little Noddy! Enid Blyton
5%
Children's Book 1957 Do Look Out, Noddy! Enid Blyton
5%
Children's Book 1951 Here Comes Noddy Again! Enid Blyton
5%
Children's Book 1950 Hurrah for Little Noddy Enid Blyton
5%
Children's Book 1951 Noddy and His Car Enid Blyton
5%
Children's Book 1956 Noddy and Tessie Bear Enid Blyton
5%
Children's Book 1963 Noddy and the Aeroplane Enid Blyton
5%
Video Game 2000 Noddy and the Birthday Party BBC Multimedia
5%
Children's Book 1957 Noddy and the Bumpy-Dog Enid Blyton
5%
Children's Book 1959 Noddy and the Bunkey Enid Blyton
5%
Children's Book 1954 Noddy and the Magic Rubber Enid Blyton
5%
Children's Book 1962 Noddy and the Tootles Enid Blyton
5%
Children's Book 1953 Noddy at the Seaside Enid Blyton
5%
Children's Book 1954 Noddy Gets into Trouble Enid Blyton
5%
Children's Book 1952 Noddy Goes to School Enid Blyton
5%
Children's Book 1959 Noddy Goes to Sea Enid Blyton
5%
Children's Book 1960 Noddy Goes to the Fair Enid Blyton
5%
Children's Book 1949 Noddy Goes to Toyland Enid Blyton
5%
Children's Book 1958 Noddy Has an Adventure Enid Blyton
5%
Children's Book 1955 Noddy Meets Father Christmas Enid Blyton
5%
Video Game 2000 Noddy's Magic Adventure BBC Multimedia
5%
TV Show 1963 The Further Adventures of Noddy ITV
5%
Children's Book 1952 Well Done Noddy! Enid Blyton
5%
Children's Book 1955 You Funny Little Noddy Enid Blyton
5%
Children's Book 1958 You're a Good Friend, Noddy Enid Blyton
5%
Children's Book 1952 Noddy and Big-Ears Enid Blyton
0%
No matching quizzes found
Score Distribution
Percent of People with Each Score
Percentile by Number Answered
Your Score History
You have not taken this quiz